Network Acronyms Quiz Stats

 Plays Quiz Updated Oct 17, 2018

Score 0/15 Timer 03:00
2 Plays Today
Acronym Network % Correct
MTVMusic Television
84.7%
ABCAmerican Broadcasting Company
61.3%
A&EArts and Entertainment
60.8%
HBOHome Box Office
58.9%
PBSPublic Broadcasting Service
48.5%
NBCNational Broadcasting Company
48.2%
FSNFox Sports Net
46.7%
AMCAmerican Movie Classics
40.6%
Acronym Network % Correct
BBCBritish Broadcasting Corporation
35.1%
TNTTurner Network Television
26.7%
CNNCable News Network
24.5%
TBSTurner Broadcasting System
23.2%
ESPNEntertainment and Sports Programming Network
15.3%
CBSColumbia Broadcasting System
12.4%
CWCBS-Warner Brothers
2.2%

You're not logged in!

Compare scores with friends on all Sporcle quizzes.
OR
Log In

Show Comments

Extras

Top Quizzes Today


Score Distribution

Your Account Isn't Verified!

In order to create a playlist on Sporcle, you need to verify the email address you used during registration. Go to your Sporcle Settings to finish the process.

Report this User

Report this user for behavior that violates our Community Guidelines.

Details: